|
|
|
|
| LEADER |
00000naa2a2200000 4500 |
| 001 |
403837 |
| 005 |
20231101070002.0 |
| 035 |
|
|
|a (RuTPU)RU\TPU\prd\50630
|
| 090 |
|
|
|a 403837
|
| 100 |
|
|
|a 20070507a2006 k y0rusy50 ca
|
| 101 |
0 |
|
|a rus
|
| 102 |
|
|
|a RU
|
| 200 |
1 |
|
|a Оценивание технического состояния и остаточного ресурса центробежных насосов
|f В. Е. прохорович, М. М. Пеньков, Ю. Е. Тупицин
|
| 225 |
1 |
|
|a НК и остаточный ресурс
|
| 461 |
|
0 |
|0 (RuTPU)RU\TPU\prd\1155
|x 1609-3178
|t В мире неразрушающего контроля
|o Ежеквартальное журнальное обозрение
|d 2001-
|
| 463 |
|
0 |
|0 (RuTPU)RU\TPU\prd\49593
|t № 4
|v С. 18-20
|d 2006
|
| 610 |
1 |
|
|a остаточные ресурсы
|
| 610 |
1 |
|
|a центробежные насосы
|
| 610 |
1 |
|
|a натурные параметрические испытания
|
| 610 |
1 |
|
|a ультразвуковые измерители
|
| 610 |
1 |
|
|a расходомеры
|
| 610 |
1 |
|
|a техническое состояние
|
| 610 |
1 |
|
|a оценивание
|
| 610 |
1 |
|
|a предельный напор
|
| 610 |
1 |
|
|a предельная подача
|
| 610 |
1 |
|
|a предельные характеристики
|
| 700 |
|
1 |
|a прохорович
|b В. Е.
|
| 701 |
|
1 |
|a Пеньков
|b М. М.
|
| 701 |
|
1 |
|a Тупицин
|b Ю. Е.
|
| 801 |
|
1 |
|a RU
|b 63413507
|c 20070507
|g PSBO
|
| 942 |
|
|
|c BK
|